| 000 | 00939cam a2200253 a 4500 | ||
|---|---|---|---|
| 001 | 16894330 | ||
| 005 | 20180409094729.0 | ||
| 008 | 110729s2012 nyua b 001 0 eng | ||
| 020 | _a9780195168792 (alk. paper) | ||
| 020 | _a0195168798 (alk. paper) | ||
| 040 | _cPK-LaUMT | ||
| 082 | 0 | 0 |
_a613.7082 _223 _bVER-A |
| 100 | 1 | _aVerbrugge, Martha H. | |
| 245 | 1 | 0 |
_aActive bodies : _ba history of women's physical education in twentieth-century America / _cMartha H. Verbrugge |
| 260 |
_aNew York : _bOxford University Press, _c2012 |
||
| 300 |
_axi, 391 p. : _bill. ; _c25 cm. |
||
| 650 | 0 |
_aWomen physical education teachers _zUnited States. |
|
| 650 | 0 |
_aPhysical education teachers _zUnited States. |
|
| 650 | 0 |
_aPhysical education for women _zUnited States. |
|
| 650 | 0 |
_aDiscrimination in sports _zUnited States. |
|
| 650 | 0 |
_aWomen _xEducation _zUnited States. |
|
| 650 | 0 |
_aEducational equalization _zUnited States. |
|
| 942 | _cBK | ||
| 999 |
_c104228 _d104228 |
||